000 00566nam a2200205 i 4500
001 bg
100 1 _aCOFER, Charles N.
245 1 0 _aMotywacja :
_bteoria i badania /
_cCharles N. Cofer i Mortimer H. Appley.
260 _aWarszawa :
_bPańst. Wydaw. Naukowe,
_c1972.
300 _a806 s. :
_bfot., rys. ;
_c25 cm.
650 9 _aMotywacja
_xteoria
650 9 _aMotywacja
_xbadanie
650 9 _aPsychologia
700 1 _aAPPLEY, Mortimer H.
040 _cBPK
041 _apol
080 _a159.94
942 _cKS
008 s pl f |000 0 pol
999 _c30485
_d30485
856 _uhttp://koha.tu.koszalin.pl/cgi-bin/koha/opac-detail.pl?biblionumber=30485
_yKatalog online BPK